BIBLIOTECA PODER JUDICIAL
Portal Judicial TDF

Reintegro del precio del pasaje como deuda de valor en el contrato de transporte aéreo de pasajeros: garantía del principio protectorio consumeril de rango constitucional / (Registro nro. 5636)

000 -LEADER
fixed length control field 01783nab a22003137a 4500
003 - CONTROL NUMBER IDENTIFIER
control field OSt
005 - DATE AND TIME OF LATEST TRANSACTION
control field 20251224102936.0
008 - FIXED-LENGTH DATA ELEMENTS--GENERAL INFORMATION
fixed length control field 190603e xxum|||| |||| 00| 0 spa d
040 ## - CATALOGING SOURCE
Transcribing agency PJ
100 ## - MAIN ENTRY--PERSONAL NAME
9 (RLIN) 6607
Personal name González Vila, Diego Sebastián
245 10 - TITLE STATEMENT
Title Reintegro del precio del pasaje como deuda de valor en el contrato de transporte aéreo de pasajeros: garantía del principio protectorio consumeril de rango constitucional /
Statement of responsibility, etc Diego Sebastián González Vila.
260 ## - PUBLICATION, DISTRIBUTION, ETC. (IMPRINT)
Date of publication, distribution, etc Ciudad Autónoma de Buenos Aires :
Place of publication, distribution, etc Thomson Reuters La Ley,
Name of publisher, distributor, etc 2025.
300 ## - PHYSICAL DESCRIPTION
Extent p. 25-57
500 ## - GENERAL NOTE
General note Cita: TR LALEY AR/DOC/30/2025 <br/>Publicado en: RCCyC 2025 (febrero) , 25.
505 ## - FORMATTED CONTENTS NOTE
Formatted contents note Sumario: I. Introducción.— II. El contrato de transporte aéreo de personas como relación de consumo (art. 42 CN). Noción para distinguir un vuelo nacional del internacional y la normativa aplicable.— III. El momento de perfección del contrato de transporte aéreo. La cancelación del vuelo por causas no imputables a las partes. El reintegro como deuda de valor (art. 772 Cód. Civ. y Com.).— IV. Conclusión.
505 ## - FORMATTED CONTENTS NOTE
Title ¿Te interesa el texto completo? Solicitalo al correo: koha@justierradelfuego.gov.ar
650 #0 - SUBJECT ADDED ENTRY--TOPICAL TERM
9 (RLIN) 6340
Topical term or geographic name as entry element TRANSPORTE AÉREO DE PASAJEROS
650 #0 - SUBJECT ADDED ENTRY--TOPICAL TERM
9 (RLIN) 2608
Topical term or geographic name as entry element DERECHOS DEL CONSUMIDOR
650 #0 - SUBJECT ADDED ENTRY--TOPICAL TERM
9 (RLIN) 2600
Topical term or geographic name as entry element LEY DE DEFENSA DEL CONSUMIDOR
650 #0 - SUBJECT ADDED ENTRY--TOPICAL TERM
9 (RLIN) 1497
Topical term or geographic name as entry element CODIGO CIVIL Y COMERCIAL
650 #0 - SUBJECT ADDED ENTRY--TOPICAL TERM
9 (RLIN) 4552
Topical term or geographic name as entry element RELACION DE CONSUMO
650 #0 - SUBJECT ADDED ENTRY--TOPICAL TERM
9 (RLIN) 1382
Topical term or geographic name as entry element INDEMNIZACION
650 #0 - SUBJECT ADDED ENTRY--TOPICAL TERM
9 (RLIN) 533
Topical term or geographic name as entry element INTERESES
650 #0 - SUBJECT ADDED ENTRY--TOPICAL TERM
9 (RLIN) 3092
Topical term or geographic name as entry element PRESCRIPCIÓN
650 #0 - SUBJECT ADDED ENTRY--TOPICAL TERM
9 (RLIN) 5410
Topical term or geographic name as entry element FUERZA MAYOR
650 #0 - SUBJECT ADDED ENTRY--TOPICAL TERM
9 (RLIN) 5287
Topical term or geographic name as entry element SERVICIOS AÉREOS
773 0# - HOST ITEM ENTRY
Host Biblionumber 2713
Host Itemnumber 3170
Place, publisher, and date of publication Ciudad Autónoma de Buenos Aires : Thomson Reuters La Ley, 2015-
Title Revista Código Civil y Comercial. Nº 1 - Febrero 2025
942 ## - ADDED ENTRY ELEMENTS (KOHA)
Source of classification or shelving scheme
Koha item type Analítica Artículo de Revista

No hay ítems disponibles.

12 de Octubre 789 Ushuaia - Tel:  54(02901)441571
Horario de Atención: 8.00 a 17.00 hs. 
bibliotecaush@justierradelfuego.gov.ar
koha@justierradelfuego.gov.ar
Seguinos en nuestras redes @bibliojustdf 

Con tecnología Koha